Missing Word: 'G' 20th Century Literature Quiz Stats

 Plays Quiz Updated Dec 9, 2016

Support Sporcle.
Go Orange.
Score 0/20 Timer 03:00
0 Plays Today
Title Answer % Correct
The Great ____Gatsby
98.6%
____ with the WindGone
97.6%
A ____ of ThronesGame
97.6%
The ____ of WrathGrapes
96.9%
The Hitchhiker's Guide to the ____Galaxy
96.4%
The ____ MileGreen
96%
____ with a Pearl EarringGirl
94.2%
Memoirs of a ____Geisha
90.6%
A Tree ____ in BrooklynGrows
86.9%
Midnight in the ____ of Good and EvilGarden
83.8%
Title Answer % Correct
The ____ EarthGood
83.2%
The World According to ____Garp
80.5%
The ____ MenagerieGlass
79.9%
Zorba the ____Greek
79.6%
Glengarry ____ RossGlen
78.6%
Sometimes a ____ NotionGreat
72.9%
The ____ TreeGiving
70.4%
Waiting for ____Godot
70.3%
The Power and the ____Glory
56%
Rosencrantz and ____ Are DeadGuildenstern
52.5%

Today's Daily Dose

You're not logged in!

Compare scores with friends on all Sporcle quizzes.
OR
Log In

From the Vault

60 Second Blitz: US Capitals

by WorldWhiz

50 capitals, 60 seconds, no excuses.
Remove Ads.
Support Sporcle.
Get the best of Sporcle when you Go Orange. This ad-free experience offers more features, more stats, and more fun while also helping to support Sporcle. Thank you for becoming a member.

Show Comments

Extras

Top Quizzes Today


Score Distribution

Your Account Isn't Verified!

In order to create a playlist on Sporcle, you need to verify the email address you used during registration. Go to your Sporcle Settings to finish the process.

Report this User

Report this user for behavior that violates our Community Guidelines.

Details: